All Islamic Sects - Statistics

General Stats
  • This quiz has been taken 179 times
  • The average score is 8 of 37
Answer Stats
Answer % Correct
Shia
98%
Sunni
97%
Sufi
56%
Ibadi
51%
Hanafi
50%
Hanbali
49%
Maliki
46%
Isma'ili
44%
Shafi'i
41%
Alawites
37%
Ahmadiyya
33%
Twelver
31%
Zaidiya
28%
Jaffari
26%
Alevi
22%
Quranism
17%
Nizari
13%
Bektashi
12%
Barelvi
9%
Nation of Islam
9%
Sevener
8%
Usuli
8%
Akhbari
7%
Naqshbandi
6%
Chishti
4%
Qadiriyyah
4%
Zikri
4%
Musta'li
3%
Tayyibi
2%
Azzabas
1%
Mahdavia
1%
Mawlawi
1%
Muridiyya
1%
Oveyssi
1%
Shadhil
1%
Suhrawardiyya
1%
Tijaniyyah
1%
No matching quizzes found
Score Distribution
Percent of People with Each Score
Percentile by Number Answered
Your Score History
You have not taken this quiz